Statistics for Sea of Thieves Pets

Click here to take the quiz!

General Stats

  • This quiz has been taken 14 times
  • The average score is 3 of 6

Answer Stats

HintAnswer% Correct
Has long feathers on its headCockatoo
77%
The most colorful of the first two parrotsMacaw
62%
Has feathers that come out the back of its headParakeet
46%
Has the shortest hairCapuchin
38%
The third monkey to be addedMarmoset
38%
Has the longest hairBarbary
31%

Score Distribution

Percentile by Number Answered

Percent of People with Each Score

Your Score History

You have not taken this quiz